000 01183nac a22003497a 4500
001 BR2013003601
003 BR-BrBNA
005 20240105123954.0
008 230509b bl.|||m| |||| 00| 0 por d
040 _aBR-BrBNA
_bpor
_cBiblioteca Nacional de Agricultura
072 _aF02; H60
090 _a3876 BR2013003601
100 1 _aSinski, I.
100 1 _aBosco, D.D.
100 1 _aQuecini, V.
110 1 _aEMBRAPA Uva e Vinho, Bento Gonçalves, RS (Brasil)
245 1 _aResíduo de ácido 2,4-diclorofenóxi-acético em vidrarias de cultura d tecidos: efeitosc sobre o cultivo de plantas in vitro e desenvolvimento de um protocolo para descontaminação
260 3 _aBento Gonçalves, RS (Brasil):
_c2012.
300 _a22 p.
490 _aBoletim de Pesquisa e Desenvolvimento - EMBRAPA Uva e Vinho (Brazil)
_vno. 17
_xISSN 1981-1004
500 _a7 illus.; 29 ref.
650 _aPLANTA
650 _aCULTURA IN VITRO
650 _aCULTURA DE TECIDO
650 _aRESÍDUO
650 _aAUXINA
650 _aCONTAMINAÇÃO
650 _aHERBICIDA
650 _aEMBRIONESE
909 _a202312
_bLúcia Elande
_c55
_dLúcia Elande
942 _2AGRIS
_n0
_cMS
999 _c297788
_d297788